The birth of the gods : (Record no. 25123)

MARC details
000 -LEADER
fixed length control field 00678cam a22002291 4500
001 - CONTROL NUMBER
control field 1222104
003 - CONTROL NUMBER IDENTIFIER
control field BDDh-ASL
005 - DATE AND TIME OF LATEST TRANSACTION
control field 20231015030441.0
008 - FIXED-LENGTH DATA ELEMENTS--GENERAL INFORMATION
fixed length control field 730208s1960 miua b 000 0 eng
010 ## - LIBRARY OF CONGRESS CONTROL NUMBER
LC control number 60009974
040 ## - CATALOGING SOURCE
Original cataloging agency DLC
Transcribing agency DLC
Modifying agency DLC
-- BDDh-ASL
050 00 - LIBRARY OF CONGRESS CALL NUMBER
Classification number GN470
Item number .S9
082 00 - DEWEY DECIMAL CLASSIFICATION NUMBER
Classification number 291.2
Item number SWB
100 1# - MAIN ENTRY--PERSONAL NAME
Personal name Swanson, Guy E.
245 14 - TITLE STATEMENT
Title The birth of the gods :
Remainder of title the origin of primitive beliefs /
260 ## - PUBLICATION, DISTRIBUTION, ETC.
Place of publication, distribution, etc. Ann Arbor :
Name of publisher, distributor, etc. University of Michigan Press,
Date of publication, distribution, etc. [1960]
300 ## - PHYSICAL DESCRIPTION
Extent ix, 260 p. :
Other physical details tables.
Dimensions 22 cm.
504 ## - BIBLIOGRAPHY, ETC. NOTE
Bibliography, etc. note Bibliography: p. [244]-255.
650 #0 - SUBJECT ADDED ENTRY--TOPICAL TERM
Topical term or geographic name entry element Religion.
906 ## - LOCAL DATA ELEMENT F, LDF (RLIN)
a 7
b cbc
c orignew
d u
e ocip
f 19
g y-gencatlg
942 ## - ADDED ENTRY ELEMENTS (KOHA)
Source of classification or shelving scheme Dewey Decimal Classification
Koha item type Books
Holdings
Withdrawn status Lost status Source of classification or shelving scheme Damaged status Not for loan Collection code Home library Current library Shelving location Date acquired Source of acquisition Total Checkouts Full call number Barcode Date last seen Copy number Price effective from Koha item type
    Dewey Decimal Classification     Non-fiction Asiatic Society Library Asiatic Society Library General Stacks 06/22/2021 Complimentary   291.2 SWB 109821 06/22/2021 C-1 06/22/2021 Books

Powered by Koha